[Event "Hampstead IM"]
[Site "Hampstead"]
[Date "1998.03.26"]
[Round "3"]
[White "Aagaard, Jacob"]
[Black "Houska, Miroslav"]
[Result "1-0"]
[WhiteElo "2395"]
[BlackElo "2385"]
[Annotator "Aagaard,J"]
[PlyCount "71"]
[EventDate "1998.03.25"]
[EventType "tourn"]
[EventRounds "9"]
[EventCountry "ENG"]
[EventCategory "4"]
[SourceTitle "EXT 2001"]
[Source "ChessBase"]
[SourceDate "2000.11.22"]
[SourceVersion "1"]
[SourceVersionDate "2000.11.22"]
[SourceQuality "1"]

1. e4 c5 2. Nf3 e6 3. d4 cxd4 4. Nxd4 Nf6 5. Nc3 d6 6. Be2 a6 7. O-O Be7 8. f4
O-O 9. Be3 Qc7 $6 (9... Nc6 $142) 10. g4 $1 $14 Nc6 11. g5 Nxd4 12. Qxd4 Nd7
13. f5 Re8 14. fxe6 fxe6 15. Bh5 $1 Rf8 (15... g6 16. Nd5 exd5 17. Bxg6 hxg6
18. Qxd5+ Kh8 19. Qf7 Qd8 20. Qxg6 Ne5 21. Qh6+ Kg8 22. g6 $18) 16. Rxf8+ Nxf8
(16... Bxf8 17. Rf1 Ne5 18. Nd5 Qd8 19. Nb6 Rb8 20. Bf4 {1-0 Short,
N-Ljubojevic,L/Novi Sad (ol) 1990/Inf 50 (43)}) 17. Rf1 g6 18. Bg4 Qc6 19. e5
$16 d5 $6 20. Qf4 Qe8 21. Na4 $2 (21. Bd4 Bd7 22. Nxd5 exd5 23. e6 Nxe6 24.
Bxe6+ Bxe6 25. Qe5 $18 {John Richardsson.}) 21... Bd7 22. Nb6 Rd8 23. Bd4 $16
Bb5 24. Rf2 Kg7 25. a4 Bc6 26. c3 Kg8 27. h4 Kg7 28. Qf3 Kg8 $2 (28... Rb8 $142
29. Qh3 Bd8) 29. Qh3 Bd7 30. Nxd7 (30. Nxd5 $5 exd5 31. e6 Bc6 32. Rf7 $18)
30... Qxd7 {[%tqu "En","White wins!","","","f2f8","",10]} 31. Rxf8+ $1 Kxf8 32.
Bxe6 Qe8 (32... Qc7 33. Qf3+ Kg7 34. Qf7+ Kh8 35. Bd7 $18) (32... Qxa4 33. Qf1+
Kg7 34. Qf7+ Kh8 35. Bg4 $18) 33. Qf3+ Kg7 {[%tqu "En","And then?","","",
"f3f6","",10]} 34. Qf6+ $3 Bxf6 35. exf6+ Kf8 36. Bc5+ 1-0

[Event "Olympiad-29"]
[Site "Novi Sad"]
[Date "1990.11.29"]
[Round "11"]
[White "Short, Nigel D"]
[Black "Ljubojevic, Ljubomir"]
[Result "1-0"]
[WhiteElo "2610"]
[BlackElo "2600"]
[Annotator "Ambroz,J"]
[PlyCount "85"]
[EventDate "1990.11.17"]
[EventType "team-swiss"]
[EventRounds "14"]
[EventCountry "YUG"]
[SourceTitle "TD"]
[Source "ChessBase"]
[SourceDate "1994.03.01"]
[SourceVersion "1"]
[SourceVersionDate "1994.03.01"]
[SourceQuality "1"]
[WhiteTeam "England"]
[BlackTeam "Yugoslavia"]
[WhiteTeamCountry "ENG"]
[BlackTeamCountry "YUG"]

1. e4 c5 2. Nf3 d6 3. d4 cxd4 4. Nxd4 Nf6 5. Nc3 a6 6. f4 Qc7 7. Be2 e6 8. O-O
Be7 9. Be3 O-O (9... Nc6 $142) 10. g4 $1 Nc6 11. g5 Nd7 12. f5 Nxd4 $5 (12...
Nde5 13. f6 (13. Qd2 $5) 13... Bd8 14. fxg7 Kxg7 (14... Re8 15. Qd2 b5 16. Bh5
$14 {Kholmov-Spassky, URS 1964}) 15. Qd2 b5 16. g6 $13) 13. Qxd4 $1 Re8 14.
fxe6 $1 {(/^f)} (14. f6 Bf8 {P d5}) 14... fxe6 15. Bh5 Rf8 (15... g6 $5 16. Nd5
$5 (16. Be2 Ne5 17. a4 Bd7 18. a5 Rac8 $13) 16... exd5 17. Qxd5+ Kh8 18. Qf7
Qd8 19. Bd4+ (19. Bxg6 hxg6 20. Rf3 (20. Rf4 Bxg5) 20... Ne5 $19) 19... Ne5 20.
Bxg6 $142 (20. Rad1 $142 Bd7 (20... Bxg5 21. Bxg6 $13) 21. Bg4 $5) 20... hxg6
21. Qxg6 {P f7}) 16. Rxf8+ Bxf8 17. Rf1 Ne5 {[#]} 18. Nd5 $1 Qd8 (18... exd5
19. Qxd5+ $18) 19. Nb6 Rb8 20. Bf4 Nd7 (20... Nc6 21. Qf2 $16 e5 22. Bf7+ $1
Kh8 (22... Kxf7 23. Bxe5+ Ke6 24. Qf7+ Kxe5 25. Qd5#) 23. Be3 Bh3 24. Rd1) 21.
Nc4 d5 (21... e5 22. Qd5+ Kh8 23. Be3 {<->d6}) 22. Kh1 Bc5 23. Qd2 Ra8 24. Bf7+
$1 Kh8 25. exd5 b5 26. Na5 Nf8 27. Be5 $1 $18 (27. dxe6 Qxd2 28. Bxd2 Bxe6 29.
Bxe6 $16) 27... Ng6 28. Bxg6 hxg6 29. b4 Bf8 (29... Be7 30. d6 Bxg5 31. Qg2 $18
) 30. d6 Bd7 31. h4 Kg8 32. Kh2 Rc8 33. c3 Rb8 34. Qf4 Qe8 35. Nb3 Rd8 36. Nc5
Bc6 37. a3 Ra8 38. Kg3 Bd5 $138 39. d7 Qe7 40. Bc7 e5 41. Qxf8+ Rxf8 42. Rxf8+
Qxf8 43. d8=Q 1-0

[Event "Bundesliga 0506"]
[Site "Germany"]
[Date "2005.10.23"]
[Round "2.3"]
[White "Sandipan, Chanda"]
[Black "Kempinski, Robert"]
[Result "0-1"]
[WhiteElo "2560"]
[BlackElo "2653"]
[Annotator "Atlas,V"]
[PlyCount "98"]
[EventDate "2005.10.21"]
[EventType "team-tourn"]
[EventRounds "15"]
[EventCountry "GER"]
[SourceTitle "CBM 110"]
[Source "ChessBase"]
[SourceDate "2006.01.31"]
[SourceVersion "1"]
[SourceVersionDate "2006.01.31"]
[SourceQuality "1"]
[WhiteTeam "Solingen"]
[BlackTeam "Hamburger SK"]
[WhiteTeamCountry "GER"]
[BlackTeamCountry "GER"]

1. e4 c5 2. Nf3 d6 3. d4 cxd4 4. Nxd4 Nf6 5. Nc3 a6 6. Be2 e6 7. O-O Be7 8. f4
O-O 9. Be3 Nc6 10. Kh1 Qc7 11. a4 Re8 12. Bd3 Nb4 13. a5 Bd7 14. Qf3 Bc6 15.
Qg3 Nxd3 16. cxd3 Rac8 17. f5 e5 18. Nde2 Kh8 19. Qf3 Qd7 20. d4 exd4 21. Bxd4
Bb5 22. Rfe1 Rc4 23. Rad1 Bd8 24. b3 (24. Nf4 {was an interesting alternative
to the text move. After} Bxa5 25. Bxf6 gxf6 26. Nfd5 {White has a good
compensation for the sacrificed pawn.}) 24... Rc8 25. Ra1 Bxe2 26. Rxe2 Qc6 27.
Qg3 $2 ({Definitely not the best choice. After} 27. h3 {White would retain
better chances.}) 27... Nh5 $1 28. Qf3 Bf6 $1 {Black does not miss his chance.
Now his initiative becomes very dangerous.} 29. Ra4 ({After this mistake
White's position becomes critical. Better was} 29. Bxf6 Nxf6 30. Re3 Re5 {
, with a durable advantage for Black.}) 29... b5 $1 30. axb6 Bxd4 31. Nd1 $2 (
31. b7 {was more tenacious, although after} Qxc3 32. bxc8=Q Rxc8 33. Qxc3 Rxc3
{Black has excellent winning chances.}) 31... Qxb6 32. Qxh5 Rc1 33. Re1 (33.
Rd2 {is, of course, bad in view of} Rxe4) {[%tqu "En","Active placement of
Black's pieces and the weakness of White's back rank are the key elements of
Kempinski's combination. How should Black continue.","Exploit a shaky position
of the e1-rook.","Bring your queen into attack!","b6b3","This crushing blow
shatters White's last illusions.",6]} 33... Qxb3 $1 {[%csl Ra4,Gb3,Gc1,Re1]
This excellent moves forces material gain and yields Black a decisive
advantage.} 34. Rxd4 (34. Rxa6 {falls short of} Qc4 $1 35. Rxd6 Qb4 $1 {
, winning a rook.}) 34... Qc3 $1 {The point of Black's combination. Now
White's position is absolutely hopeless.} 35. Rf1 Qxd4 {The rest is slaughter.}
36. Qxf7 Rg8 37. Qh5 Qxe4 38. h3 Qd3 39. Re1 Qd2 40. Rg1 h6 41. Qf3 Rf8 42. Rf1
Qd4 43. g4 Re8 44. Qb3 Qc4 45. Qxc4 Rxc4 46. Nf2 a5 47. Rd1 Re2 48. Kg1 Rcc2
49. Nh1 a4 0-1

[Event "Serbian-ch 29th"]
[Site "Sabac"]
[Date "1998.04.30"]
[Round "11"]
[White "Solak, Dragan"]
[Black "Matulovic, Milan"]
[Result "0-1"]
[WhiteElo "2380"]
[BlackElo "2420"]
[Annotator "Atlas,V"]
[PlyCount "100"]
[EventDate "1998.04.20"]
[EventType "tourn"]
[EventRounds "13"]
[EventCountry "YUG"]
[EventCategory "9"]
[SourceTitle "CBM 065"]
[Source "ChessBase"]
[SourceDate "1998.08.06"]
[SourceVersion "1"]
[SourceVersionDate "1998.08.06"]
[SourceQuality "1"]

1. e4 c5 2. Nf3 Nc6 3. d4 cxd4 4. Nxd4 Qc7 5. Nc3 e6 6. g3 a6 7. Bg2 d6 8. O-O
Be7 9. a4 Nf6 10. Nb3 b6 11. f4 Rb8 12. Be3 (12. g4 Nd7 (12... O-O 13. g5 Nd7
14. Qe2 Re8 15. Be3 Bf8 16. Rf3 g6 17. Raf1 {1/2-1/2 Kuzmin,G-Lazarev,V/
Alushta3 1993 (32)}) 13. g5 g6 14. f5 Nde5 15. fxe6 fxe6 16. Qe2 Nf7 17. h4 O-O
18. Be3 Nfe5 19. Nd4 Nxd4 20. Bxd4 Qc4 21. Qd2 Qc7 22. Qe2 Qc4 23. Qd2 Qc7 {
1/2-1/2 Hjartarson,J-Gheorghiu,F/Thessaloniki olm 1984}) 12... O-O 13. g4 (13.
Qe2 Na5 14. Nd2 (14. Rad1 Nc4 15. Bc1 b5 16. axb5 axb5 17. h3 b4 18. Nb1 Ba6
19. Rfe1 Bd8 20. Kh2 Qa7 21. Qf3 Bb6 22. g4 d5 {0-1 Claverie,C-Sulava,N/Cannes
op 1996}) 14... Bb7 15. g4 Nd7 16. g5 Rfe8 17. Qf2 Bf8 18. Rad1 Ba8 19. Kh1 b5
{1/2-1/2 Veroci,Z-Howell,J/Bad Woerishofen 1991 (39)}) 13... Re8 14. g5 Nd7 15.
Qh5 g6 16. Qh3 (16. Qh4 {is the main alternative here:} Bb7 17. f5 Nde5 18.
fxe6 fxe6 19. Bh3 Bf8 20. Rf6 Bg7 21. Raf1 Bxf6 22. gxf6 Bc8 23. Nd4 Nxd4 24.
Bxd4 Nf7 25. Rf2 Qc4 {0-1 Al Modiahki,M-Suba,M/Manila olm 1992 (42)}) 16... Bf8
17. f5 ({Prudent} 17. Rad1 {deserved serious attention.}) 17... Nde5 18. Rf4 $2
({Too optimistic.} 18. Rad1 Nc4 19. Bc1 {was to be preferred.}) 18... Nb4 19.
Nd4 Nc4 {Black's counterattack turns out to be much more effective than
White's operations on the kingside.} 20. Rh4 h5 21. gxh6 Nxe3 22. Qxe3 exf5 23.
Nxf5 Bxf5 24. Qd4 (24. h7+ Kh8 25. Qd4+ Re5 26. Qxb4 d5 {is clearly in Black's
favor.}) 24... g5 25. Rh5 Nxc2 26. Qf6 Bg6 27. h7+ Bxh7 28. Rc1 Qc5+ 29. Kh1
Be7 $2 {This move initiates a series of reciprocal blunders, in which White
makes the final contribution, thereby doing justice to the normal outcome of
events in this game.} ({Correct was} 29... Bg7 30. Rxg5 Bg6 31. Rxc5 Bxf6 32.
Nd5 dxc5 33. Nxf6+ Kg7 34. Nxe8+ Rxe8 35. Rxc2 Rxe4 {, with easy win.}) 30. Qf3
$2 (30. Qh6 {was winning on the spot.}) 30... Bg6 31. Nd5 Nd4 $6 (31... Bd8 {
led to an easy win.}) 32. Qe3 Bxh5 $6 (32... Nc2 {was much simpler}) 33. Nxe7+
Rxe7 $2 (33... Kf8 {was essential here, if Black's objective still remains to
win the game!} 34. Rxc5 bxc5 35. Qxg5 Rxb2 36. Qxh5 Kxe7 $19 {The text move
allows White to equalize and even offers him a chance to play for win.}) 34.
Rxc5 bxc5 35. Qxg5+ Kf8 36. Qxh5 (36. Qh6+ {was a simplest way to draw:} Kg8 (
36... Ke8 $2 37. Qh8+ $18) 37. Qg5+) 36... Kg7 37. Qg5+ Kf8 38. Qh6+ Kg8 39.
Qxd6 ({Again,} 39. Qg5+ Kf8 40. Qh6+ {forced a draw. White, however, desides
to play for win. Yet, Black has enough resources to keep the balance.}) 39...
Reb7 40. e5 (40. Qxc5 Ne6) 40... Rxb2 41. Bd5 {The threat is 42.Qg6+.} Rb1+ 42.
Kg2 R1b2+ 43. Kh3 $2 ({Yielding Black good winning chances. Correct was} 43.
Kh1 Rb1+ $11) 43... R8b6 44. Qxc5 Rh6+ 45. Kg4 Rg6+ 46. Kh3 $4 {A final
blunder in this not impeccable for both sides game! Indeed, Tartakover's
well-known aphorism about chess mistakes is perfectly illustrated by the
course of this game. Essential was 46.Kf4 Rh2-/+. Now, after the obvious
knight move the game is lost for White.} Ne2 {[%csl Rh3][%cal Gg6g1,Ge2f4,
Ge2g1,Gb2h2] Threatening 47...Nf4+ 48.Kh4 Rxh2#} 47. Kh4 (47. Qc6 Nf4+ 48. Kh4
Rxh2#) 47... Nf4 48. h3 Nxd5 {The simplest.} 49. Qxd5 Rbg2 50. Kh5 Kg7 {
[%csl Rh5][%cal Gg6h6,Gg2g5]} 0-1

[Event "IND-ch"]
[Site "Mumbai"]
[Date "2003.01.26"]
[Round "14"]
[White "Thipsay, Praveen Mahadeo"]
[Black "Prathamesh, Sunil Mokal"]
[Result "1-0"]
[WhiteElo "2465"]
[BlackElo "2366"]
[Annotator "Atlas,V"]
[PlyCount "75"]
[EventDate "2003.01.18"]
[EventType "tourn"]
[EventRounds "21"]
[EventCountry "IND"]
[EventCategory "8"]
[SourceTitle "CBM 094"]
[Source "ChessBase"]
[SourceDate "2003.05.26"]
[SourceVersion "1"]
[SourceVersionDate "2003.05.26"]
[SourceQuality "1"]

1. e4 c5 2. Nf3 e6 3. d4 cxd4 4. Nxd4 a6 5. Nc3 Qc7 6. Be2 Nf6 7. O-O Be7 8. f4
d6 9. Kh1 O-O 10. a4 Nc6 11. Be3 Bd7 12. Nb3 b6 13. Bf3 Rab8 14. Qe2 Bc8 15.
Rad1 Nd7 16. Nd4 Nb4 17. Rd2 Re8 18. Qf2 Bf8 19. Qg3 Bb7 20. Re1 Nc6 21. Red1
Nxd4 22. Bxd4 e5 23. fxe5 Nxe5 24. Be2 Nd7 25. b3 Nc5 26. Bxc5 Qxc5 27. Bc4 $1
Bxe4 $2 (27... Rbd8 {was to be preferred, although Black's position is very
difficult anyway.}) {[%tqu "En","How should White develop his initiative?",
"Exploit the shaky position of Black's light-squared bishop.","Sacrifice your
bishop!","c4f7","",4]} 28. Bxf7+ $1 {[%csl Re4,Re8,Gg3,Rg8][%cal Gc3e4] After
this powerful blow Black's position is defenseless.} (28. Nxe4 {was less
efficient:} Rxe4 29. Bxf7+ Kh8) 28... Kxf7 29. Nxe4 Qe5 ({If} 29... Rxe4 {
, then} 30. Qf3+ {, winning.}) 30. Rf1+ (30. Rf2+ {was winning as well:} Ke7 (
30... Kg8 31. Nf6+ {, winning}) 31. Nxd6 Qxg3 32. hxg3 Red8 33. Re2+ Kf6 34.
Rf1+ Kg6 35. Re6+ Kh5 36. Rf5+ g5 37. Nf7 Rd1+ 38. Kh2 h6 39. Ne5 {, and mate
is inevitable.}) 30... Ke7 31. Qg4 {[%csl Re7][%cal Gf1f7,Gd2e2,Ge4d6,Gd2d6]
The centralized king is the main target of White's active pieces in this
position.} h5 32. Qg6 Kd7 33. Qf7+ Re7 (33... Kd8 {fails to} 34. Qa7) (33...
Kc6 {loses after} 34. Qc4+ Kb7 35. Rf7+) 34. Nxd6 Kc6 35. Qf3+ Kc7 36. Nc4 Qc5
37. Rd5 Qb4 38. Qf4+ {[%csl Rb4,Rc7][%cal Gc4d6,Gc4e5,Gf4b4,Gf4c7]} (38. Qf4+ {
, and Black resigned, as he loses his queen:} Kb7 (38... Kc8 39. Nd6+) (38...
Kc6 39. Rd6+ Kc5 40. Qd4#) 39. Nd6+) 1-0

[Event "Moscow"]
[Site "Moscow"]
[Date "1981.04.??"]
[Round "2"]
[White "Geller, Efim P"]
[Black "Andersson, Ulf"]
[Result "0-1"]
[WhiteElo "2615"]
[BlackElo "2610"]
[Annotator "Belov,I"]
[PlyCount "144"]
[EventDate "1981.04.08"]
[EventType "tourn"]
[EventRounds "13"]
[EventCountry "URS"]
[EventCategory "15"]
[SourceTitle "MCL"]
[Source "ChessBase"]
[SourceDate "1999.07.01"]
[SourceVersion "1"]
[SourceVersionDate "1999.07.01"]
[SourceQuality "1"]

1. e4 c5 2. Nf3 d6 3. d4 cxd4 4. Nxd4 Nf6 5. Nc3 e6 6. Be2 Be7 7. O-O O-O 8. f4
a6 9. a4 Nc6 10. Be3 Qc7 11. Kh1 Re8 (11... Rd8 12. Qe1 Nxd4 13. Bxd4 e5 14.
Bg1 $1 exf4 15. a5 $1 $14 {Geller/}) 12. Qd2 (12. Bf3 Rb8 13. Qd2 Bd7 14. Nb3
b6 15. Qf2 Nb4 16. Nd4 e5 $10 {Ivanchuk,V-Kasparov,G/Linares/1993/0,5 (26)/}) (
12. Bg1 Rb8 13. Qd3 e5 $1 14. fxe5 dxe5 15. Nf5 Bxf5 16. Rxf5 Nd4 17. Bxd4 exd4
18. Qxd4 Bd6 $15 {Mainka,R-Adorian,A/Polanica Zdroj/1992/0:1 (38) Inf 56/261/})
(12. Bd3 $5 Bd7 13. Nf3 b6 14. Qe2 Nb4 15. Rae1 Bc6 16. Bd4 Nd7 17. Ng5 Nxd3
18. cxd3 h6 $10 {Psakhis,L-Cvitan,O/Debrecen/1992/0,5 (29) Inf 56/263/}) 12...
Nxd4 (12... Rb8 13. Bd3 $5 Nxd4 $6 (13... Nb4 14. Ncb5 axb5 15. Qxb4 d5 16.
Nxb5 $16) (13... e5 $142 $5) 14. Bxd4 e5 15. Ba7 Ra8 16. Bg1 exf4 17. Qxf4 Be6
18. Nd5 $1 $16 {Dolmatov,S-Muhutdinov,M/YUG/1992/1:0 (83) Inf 55/255/}) 13.
Bxd4 (13. Qxd4 $5 e5 14. Qd3 $14) 13... e5 14. Bg1 exf4 15. Qxf4 Be6 $10 16.
Bd4 (16. Bd3 Nd7 17. Nd5 Bxd5 18. exd5 Bf6 $10) 16... Nd7 17. Qg3 $1 Ne5 18. a5
Rac8 19. Bd3 Bf8 20. Na4 $2 (20. Ne2 $142 $10 {/\ Nf4/}) 20... Nxd3 21. cxd3
Qxa5 $1 22. Nb6 Qb4 23. Ra4 (23. Nxc8 Qxd4 $19) 23... Qb5 24. Nxc8 $8 Qxa4 25.
Nxd6 Rd8 $17 26. Be5 $8 Qc6 $1 (26... Qb4 27. Nf5 Bxf5 28. Rxf5 $10) 27. d4 $6
(27. Nf5 Bxf5 28. exf5 (28. Rxf5 Qxe4 $1 29. Rg5 g6 $19) 28... Qd5 $17) 27...
Rxd6 28. d5 Qc4 29. Qf3 Rb6 30. Bc3 Rb5 {/\ Bd5/} 31. dxe6 Qxe6 $19 32. h3 Rb6
33. e5 Rc6 34. Qg3 b5 (34... Qd5 $5) 35. Rf6 Qd7 36. Rf4 Rc5 37. Rf6 Rc6 $22
38. Rf4 h6 39. Rd4 Qe8 40. Qf3 Rc8 41. Qg4 a5 $1 {/\ b4/} 42. Bxa5 Rc1+ 43. Rd1
Rxd1+ 44. Qxd1 Qxe5 45. Bc3 Qd6 $1 46. Qxd6 (46. Qg4 b4 47. Bd4 f5 $1 $19)
46... Bxd6 $19 47. b3 f5 48. g4 fxg4 (48... f4 $2 49. Kg2 Kf7 50. Kf3 Ke6 51.
Ke4 $10) 49. hxg4 g6 50. Kg2 Kf7 51. Kf3 Ke6 52. Ke4 h5 $1 53. gxh5 gxh5 54.
Be1 Be5 $1 (54... Be7 55. Kf4) 55. Bf2 Bf6 56. Kf4 h4 57. Bc5 Kd5 58. Bb6 (58.
Bf2 h3 59. Kg3 Bh4+ $1 $19) 58... Bd4 59. Bd8 Bf2 60. Kg4 Bg3 61. Bf6 Ke4 62.
Be7 Kd3 63. b4 Kc4 64. Bc5 Be1 65. Be7 h3 $1 (65... Bxb4 66. Bxh4) 66. Kxh3
Bxb4 67. Bg5 Bc5 68. Bd2 Bd4 69. Kg4 Bc3 70. Bg5 b4 71. Kf3 Kd3 72. Be7 b3 0-1